Six easy pieces : essentials of physics explained by ist most brilliant teacher
Αποθηκεύτηκε σε:
| Κύριος συγγραφέας: | |
|---|---|
| Άλλοι συγγραφείς: | , , |
| Μορφή: | Βιβλίο |
| Γλώσσα: | English |
| Δημοσίευση: |
Reading, Mass. :
Addison-Wesley,
1996.
|
| Σειρά: | Helix book
|
| Θέματα: | |
| Ετικέτες: |
Προσθήκη ετικέτας
Δεν υπάρχουν, Καταχωρήστε ετικέτα πρώτοι!
|
MARC
| LEADER | 00000cam a2200000 i 4500 | ||
|---|---|---|---|
| 001 | 1/84623 | ||
| 008 | 990624s1996 mau| ||| |||| ||eng|| | ||
| 020 | |a 0201408252 | ||
| 035 | |l 10051647 | ||
| 040 | |a GR-MyUa |b gre |e AACR2 | ||
| 041 | 0 | |a eng | |
| 082 | 7 | |a 530 |2 (22) | |
| 100 | 1 | |a Feynman, Richard P. |q (Richard Phillips), |d 1918-1988. | |
| 245 | 1 | 0 | |a Six easy pieces : |b essentials of physics explained by ist most brilliant teacher / |c Richard P. Feynman ; originally prepared for publication by Robert B. Leighton and Matthew Sands ; new introduction by Paul Davies. |
| 246 | 1 | |i Άλλες παραλλαγές του τίτλου: |a 6 easy pieces | |
| 260 | |a Reading, Mass. : |b Addison-Wesley, |c 1996. | ||
| 300 | |a xxix, 145 σ. : |b εικ. ; |c 21 εκ. | ||
| 490 | 1 | |a (Helix books) | |
| 500 | |a Περιλαμβάνει ευρετήριο. | ||
| 650 | 0 | |a Physics. | |
| 700 | 1 | |a Leighton, Robert B. | |
| 700 | 1 | |a Sands, Matthew L. |q (Matthew Linzee) | |
| 700 | 1 | |a Davies, P. C. W. | |
| 767 | 0 | 8 | |i Μεταφρασμένο ως: |t Εξι εύκολα κομμάτια / |
| 830 | 0 | |a Helix book | |
| 852 | |a INST |b SAMOS |e 19990624 |h 530 FEY |p 005300014976 |q 005300014976 |t BK |y 0 | ||
| 901 | |a BIBL3-1999-2 | ||
| 922 | |a 3ΕΛΗ |b 199904 |c ΚΠΣ |d GLORY | ||
| 970 | |a Γενούζου |b Χρυσάνθη |z 1999/06/24 | ||